000 00703nam a2200217Ii 4500
003 JO-AjNU
008 230605s9999||||xx |||||||||||||| ||und||
017 _a1999/10/1821
040 _aJO-AjNU
_bara
_erda
_cJO-AjNU
041 _aara
050 1 4 _aBP165.5.A9596 2000
100 3 _aالعظم، يوسف,
_eauthor
_948496
245 0 0 _aفي رحاب الفكر الإسلامي
250 _aط1
264 3 1 _aالزرقاء: جامعة الزرقاء الاهلية، 2000
300 _a186ص
336 _atext
_btxt
_2rdacontent
337 _aunmediated
_bn
_2rdamedia
338 _avolume
_bnc
_2rdacarrier
650 4 _aالاسلام- متفرقات- الفلسفة الاسلامية
_948497
999 _aA21242
_c24810
_d24810